Copa Libertadores - Finales - Estadísticas

Estadísticas generales
  • Esta prueba ha sido intentada 549 veces
    317 desde el último reinicio
  • La puntuación promedio es 175 de 260
Estadísticas de respuestas
% Correcto
Boca Juniors
99%
Independiente
97%
River Plate
97%
Flamengo
96%
Atlético Nacional
95%
Botafogo
95%
Fluminense
95%
Palmeiras
95%
Peñarol
95%
Santos
94%
Atlético Mineiro
93%
Estudiantes
93%
Nacional
93%
San Lorenzo
92%
Grêmio
91%
Olimpia
89%
São Paulo
89%
Corinthians
88%
Once Caldas
88%
Colo-Colo
87%
Internacional
86%
Cruzeiro
85%
Liga de Quito
85%
Buenos Aires
84%
Lanús
84%
Racing Club
81%
Tigres UANL
81%
Argentinos Juniors
80%
América de Cali
79%
Athletico Paranaense
76%
Montevideo
75%
Lima
74%
Independiente del Valle
73%
Vasco da Gama
73%
Vélez Sarsfield
73%
Río de Janeiro
71%
Bombonera
64%
Santiago
63%
Barcelona
62%
Bogotá
60%
Club Nacional
60%
Asunción
59%
Maracaná
59%
Universitario
59%
Universidad Católica
58%
Medellín
57%
Cobreloa
56%
Cruz Azul
55%
Madrid
55%
Deportivo Cali
53%
Newell's Old Boys
53%
Sporting Cristal
53%
Guadalajara
50%
São Caetano
50%
Avellaneda
49%
Porto Alegre
49%
Unión Española
47%
La Plata
46%
Guayaquil
45%
Santiago Bernabéu
43%
Belo Horizonte
41%
Centenario
40%
Monumental
31%
Morumbi
30%
Defensores del Chaco
27%
Monumental
26%
Manizales
25%
Nuevo Gasómetro
25%
Atanasio Girardot
23%
Mineirão
23%
Nacional
21%
Beira-Rio
18%
Monumental
15%
Palogrande
14%
Ciudad de Lanús
13%
Doble Visera
13%
El Campín
13%
Monumental
13%
Nacional
13%
Pacaembú
13%
Jorge Luis Hirschi
6%
Olímpico Monumental
6%
Puerto Sajonia
5%
Parque Antártica
4%
No se encontraron pruebas coincidentes
Distribución de puntuación
Porcentaje de gente con cada puntuación
Porcentaje por número respondido
Historial de tus puntuaciones
No has intentado esta prueba desde el último reinicio